[Event "CZE-ch Open 2018"]
[Site "Ostrava"]
[Date "2018.05.04"]
[Round "7"]
[White "Stocek, Jiri"]
[Black "Jansa, Vlastimil"]
[Result "1-0"]
[WhiteElo "2568"]
[BlackElo "2450"]
[Annotator "TA RC"]
[PlyCount "70"]
[EventDate "2018.??.??"]
[EventCountry "CZE"]
[SourceTitle "playchess.com"]
[Source "ChessBase"]
[SourceQuality "1"]

{[%evp 14,70,34,34,43,26,24,27,39,10,25,-1,0,5,25,29,23,16,33,0,0,20,72,61,61,65,100,61,107,61,102,102,101,104,104,104,104,103,103,97,100,83,100,104,99,102,253,233,254,143,253,254,458,458,29996,29997,29997,29998,29998]} 1. d4 Nf6 2. Bf4 g6 3. Nc3 d5 4. e3 Bg7 5. h4 c5 (5... h5 6. Nf3 Bg4 7. Be2 Bxf3 8. Bxf3 c6 9. Qd2 Nbd7 10. O-O-O b5 11. Kb1 {½-½ (34) Aronian,L (2797)-Vachier Lagrave,M (2793) Caleta 2018}) 6. Nb5 {A45: Trompowsky Attack} Na6 7. c3 O-O 8. Be2 {LiveBook: 4 Games. White is slightly better.} Bd7 9. a4 {[%cal Ba2a4,Ba4b5][%mdl 32]} Bxb5 $146 ({Predecessor:} 9... h6 10. Nf3 Ne4 11. Ne5 Bxb5 12. Bxb5 {1-0 (44) Taghizadeh,R (2374)-Guo,A (2281) Irving 2017}) 10. axb5 Nc7 11. dxc5 Ne6 12. Nh3 Nxc5 13. h5 Nfe4 14. hxg6 hxg6 15. f3 e5 16. Bh2 (16. fxe4 $5 {[%cal Rf4g5]} exf4 17. Nxf4 $14) 16... Qh4+ 17. Kf1 Ng3+ (17... Qf6 $11) 18. Bxg3 $1 $16 Qxg3 19. Qxd5 b6 20. Nf2 Qg5 $1 21. Ne4 Qxe3 22. Nxc5 bxc5 23. Qe4 Qxe4 24. fxe4 Bf6 25. Bc4 $36 {[%mdl 2048] White is really pushing.} Bd8 26. Ke2 Bb6 27. Rhf1 {aiming for Rf6.} Kg7 28. Rad1 Rac8 29. Rd5 f6 $2 (29... Rc7 $16) 30. Rd7+ $18 Kh6 31. Rh1+ Kg5 {[#]} 32. Rd3 $1 {[%cal Rd3g3] Rg3+ would kill now.} f5 $2 (32... Rh8 33. Rg3+ Kf4 34. Rxg6 Rxh1) 33. Rg3+ Kf4 (33... Kf6 $18 34. Rh6 Rg8 35. Bxg8 Rxg8 36. exf5 Kxf5) 34. Rxg6 {[%cal Rh1h4]} Kxe4 35. Bd3+ Kd5 {Precision: White = 79%, Black = 46%.} 1-0

[Event "CZE-ch Open 2018"]
[Site "Ostrava"]
[Date "2018.05.04"]
[Round "7"]
[White "Simacek, Pavel"]
[Black "Vlasak, Lukas"]
[Result "1/2-1/2"]
[WhiteElo "2498"]
[BlackElo "2381"]
[Annotator "TA"]
[PlyCount "56"]
[EventDate "2018.??.??"]
[EventCountry "CZE"]
[SourceTitle "playchess.com"]
[Source "ChessBase"]
[SourceQuality "1"]

{[%evp 16,56,0,0,25,24,36,-5,22,24,24,-31,-35,-38,-26,-72,-83,-90,-67,-71,-73,-91,-62,-100,-93,-91,-58,-125,-63,-79,-79,-90,-88,-101,-91,-92,-91,-98,-58,-60,-60,-60,-34]} 1. c4 e6 2. Nf3 d5 3. e3 Nf6 4. b3 c6 5. Bb2 Bd6 6. Nc3 Nbd7 7. Qc2 {A11: English Opening: 1...c6} Qe7 (7... O-O 8. Be2 Qe7 9. O-O b6 10. cxd5 cxd5 11. Nb5 Ba6 12. Qd1 Bxb5 13. Bxb5 a6 14. Be2 Ba3 15. Qc1 Bxb2 16. Qxb2 {½-½ (33) Ivanchuk,V (2728)-Duda,J (2707) Tbilisi 2017}) 8. Rg1 h6 9. g4 {LiveBook: 3 Games. The position is equal.} a6 10. h4 h5 11. gxh5 $146 (11. g5 $5 {[%cal Rg5f6]} Ng4 12. d4 $14) ({Predecessor:} 11. g5 Ng4 12. d4 b5 13. c5 Bc7 {1-0 (66) Kourkoulos Arditis,S (2387)-Eren,A (2169) Belgrade 2017}) 11... Nxh5 12. cxd5 exd5 13. Rc1 (13. O-O-O $11) 13... Ndf6 $15 14. Nd4 Bd7 15. Nf5 Bxf5 $1 16. Qxf5 Ba3 17. Bxa3 Qxa3 18. Rc2 Qd6 19. Na4 g6 20. Qf3 Nd7 21. Bh3 (21. d4 $1 $15) 21... Nhf6 (21... Ne5 $17 22. Qg2 Nd3+ 23. Kf1 Qe7) 22. Qg3 Ke7 23. Bxd7 Nxd7 24. d4 Rh5 25. Nc5 Nxc5 26. dxc5 Qxg3 27. fxg3 Re5 28. Kf2 Rh8 {Precision: White = 55%, Black = 48%.} 1/2-1/2

[Event "CZE-ch Open 2018"]
[Site "Ostrava"]
[Date "2018.05.04"]
[Round "7"]
[White "Cernousek, Lukas"]
[Black "Jasny, Stanislav"]
[Result "0-1"]
[WhiteElo "2464"]
[BlackElo "2379"]
[Annotator "TA"]
[PlyCount "70"]
[EventDate "2018.??.??"]
[EventCountry "CZE"]
[SourceTitle "playchess.com"]
[Source "ChessBase"]
[SourceQuality "1"]

{[%evp 36,70,20,14,14,17,12,27,20,21,62,97,55,48,47,-14,166,160,158,154,126,-270,-293,-298,-270,-270,-248,-308,-233,-227,-245,-242,-240,-233,-206,-808,-674]} 1. e4 e5 2. Nf3 Nc6 3. Bb5 a6 4. Ba4 Nf6 5. O-O Be7 6. Re1 b5 7. Bb3 d6 8. c3 O-O 9. h3 Na5 10. Bc2 c5 11. d4 Nd7 12. Nbd2 exd4 13. cxd4 Nc6 14. d5 Nce5 15. Nxe5 {C96: Closed Ruy Lopez: Chigorin Defence: 11 d4, replies other than 11...Qc7} (15. a4 Bb7 16. Nxe5 Nxe5 17. f4 Ng6 18. Nf3 Re8 19. axb5 axb5 20. Rxa8 Qxa8 21. b3 Bd8 22. f5 Nf8 {1-0 (54) Shirov,A (2630)-Howell,D (2701) Douglas 2017}) 15... Nxe5 16. a4 Rb8 17. axb5 axb5 18. f4 {[%cal Bf2f4,Bf4f5][%mdl 32]} Ng6 19. Nf3 {LiveBook: 57 Games} Bh4 20. Nxh4 Qxh4 21. f5 Ne5 {[%cal Bg6e5,Be5d7,Bd7f6,Bf6d5,Bd5e3][%mdl 32]} 22. Rf1 Qf6 23. Ra3 $146 Re8 24. Qh5 {Bg5 is the strong threat.} h6 $1 25. Kh1 ({Better is} 25. b4 $14) 25... Bb7 $2 (25... b4 $11 26. Rg3 Kf8) 26. g4 $1 $18 Nd7 27. Rg3 {And now g5 would win.} Qe5 28. Bf4 $2 {[%mdl 8192]} (28. g5 $1 $16 Qxg3 29. Bf4 Qxg5 30. Bxg5 hxg5 31. Qxg5) 28... Qxb2 $19 29. Rg2 {[#]} Nf6 $1 {[%csl LRe4,LRh5][%cal Rf6h5]} 30. Qh4 {[#] aiming for g5.} Nxd5 $1 {[%mdl 512]} 31. Bc1 (31. exd5 Bxd5) 31... Qc3 {Threatens to win with ...Nb4.} 32. g5 {[#]} Ne3 $1 {[%cal Re3g2]} 33. Bxe3 Qxe3 34. gxh6 Rxe4 (34... Bxe4 35. Bxe4 Qxe4 36. Qg5 $18) 35. Bxe4 $2 (35. Rxg7+ Kh8 36. Bxe4 Qxe4+ 37. Qxe4 Bxe4+ 38. Kh2) 35... Qxe4 {Precision: White = 49%, Black = 58%.} 0-1

[Event "CZE-ch Open 2018"]
[Site "Ostrava"]
[Date "2018.05.04"]
[Round "7"]
[White "Neuman, Petr"]
[Black "Cerveny, Petr"]
[Result "1-0"]
[WhiteElo "2443"]
[BlackElo "2315"]
[Annotator "TA"]
[PlyCount "131"]
[EventDate "2018.??.??"]
[EventCountry "CZE"]
[SourceTitle "playchess.com"]
[Source "ChessBase"]
[SourceQuality "1"]

{[%evp 22,131,7,0,0,5,46,33,50,22,51,51,50,49,60,45,65,75,71,58,72,33,31,35,28,23,30,7,4,-14,-9,-13,-5,-16,-2,-1,0,0,0,0,0,0,0,0,0,7,30,28,25,24,45,0,0,0,73,68,75,68,75,27,122,127,104,91,131,111,178,97,135,137,135,110,115,114,135,128,139,139,144,141,138,135,243,207,416,402,366,322,176,204,204,180,408,129,427,379,381,331,12837,12837,12837,12838,12841,12838,12845,12845,12846,12846,12847,12847,12848,12849]} 1. d4 d5 2. c4 c6 3. Nf3 Nf6 4. e3 g6 5. Nc3 Bg7 6. Be2 O-O 7. O-O e6 8. b4 {D94: Grünfeld: 4 Nf3 Bg7 5 e3} dxc4 9. Bxc4 b5 10. Bd3 a5 11. bxa5 Qxa5 12. Bd2 {LiveBook: 11 Games} Qa3 {[#] ...b4 is the strong threat.} 13. Qb1 {[#]} Rd8 $146 ({Predecessor:} 13... Na6 14. Qb3 Qe7 15. Ne2 Bb7 {½-½ (76) Greenfeld,A (2546)-Ivanisevic,I (2623) Biel 2017}) 14. Rc1 Na6 15. Qb3 Qxb3 16. axb3 Bb7 17. Ne4 Nxe4 18. Bxe4 Nb8 19. Rxa8 Bxa8 20. Ba5 Rc8 21. b4 Nd7 22. Bb1 Bb7 23. Ba2 Ra8 24. Bb3 Bf8 25. Ne1 c5 26. dxc5 Nxc5 27. Bd1 Na6 (27... Bd5 {with more complications.} 28. bxc5 Rxa5 29. Nd3 Ra3 30. Ne5 Ra7) 28. Nd3 Rc8 29. Rxc8 Bxc8 30. Bf3 {next Bc6 is good for White.} Bd7 31. Bb7 Nb8 32. Ne5 Be8 $1 33. Bc7 Nd7 34. Nd3 f5 35. f3 e5 36. Bc6 e4 $1 {[%cal Re4d3]} 37. fxe4 fxe4 (37... Nf6 $11 {keeps the balance.} 38. Bb7 Nxe4) 38. Bxe4 $16 Nf6 39. Bf3 Bf7 40. e4 Nd7 (40... Bc4 $11 {remains equal.} 41. Ne5 (41. Nc5 Bh6 $14) 41... Ne8) 41. Kf2 Bc4 42. Be2 Nf6 43. Ke3 Nd7 (43... Ne8 $16 44. Bb6 Bh6+ 45. Kf3 Nd6) 44. Bg3 (44. e5 $18) 44... Nb6 45. Be1 Bd6 46. h3 Kf7 47. Bc3 Nd7 48. Nc1 Ne5 49. Bxc4+ Nxc4+ {[%mdl 4096] Endgame [#] KBN-KBN} 50. Kd4 $1 Be5+ 51. Kd3 Bd6 (51... Kf6 $16) 52. Nb3 Ne5+ $2 (52... Bf4 {was necessary.} 53. Nd4 Na3) 53. Bxe5 $1 $18 Bxe5 {KB-KN} 54. Nd4 Bd6 55. Nxb5 Bxb4 56. e5 Be1 $2 (56... Be7 57. Nd4 Bg5) 57. Ke4 $2 (57. Nd4 $18 {is the precise move to win.} Bf2 58. Nc6) 57... Bg3 $2 {[%mdl 8192]} (57... Bb4 $16 {keeps fighting.} 58. Kd5 Ke7) 58. Kd5 Ke7 59. Nd4 Bh2 $2 (59... Bf2 60. Nf3 Be3) 60. Ne2 {White is clearly winning.} Kd7 61. g3 Ke7 62. e6 Ke8 63. Kd6 h5 64. h4 {[%cal Bh3h4,Bh4g5,Bg5g6][%mdl 32] White threatens e7 and mate.} g5 65. hxg5 {Threatening mate with g6.} h4 66. g6 {Precision: White = 56%, Black = 34%.} 1-0

[Event "CZE-ch Open 2018"]
[Site "Ostrava"]
[Date "2018.05.04"]
[Round "7"]
[White "Kraus, Tomas"]
[Black "Cvek, Robert"]
[Result "1-0"]
[WhiteElo "2429"]
[BlackElo "2505"]
[Annotator "TA"]
[PlyCount "161"]
[EventDate "2018.??.??"]
[EventCountry "CZE"]
[SourceTitle "playchess.com"]
[Source "ChessBase"]
[SourceQuality "1"]

{[%evp 17,161,33,30,-10,121,118,135,135,182,182,137,108,109,95,185,201,165,24,195,127,272,250,308,204,279,291,476,467,544,516,779,519,481,350,327,334,327,325,290,216,241,233,210,182,325,318,288,277,323,213,162,149,154,78,350,191,244,241,373,366,354,341,306,204,268,260,283,249,253,253,216,0,217,152,169,128,204,216,212,205,424,218,275,137,249,206,197,201,247,233,233,218,226,177,207,167,187,170,205,-242,229,218,225,225,304,294,271,211,237,233,188,8,157,0,0,0,0,0,0,0,0,0,0,0,0,0,100,100,100,100,187,183,179,163,551,547,529,520,511,441,5118,5110,5097,1205,1880,434]} 1. c4 Nf6 2. Nc3 g6 3. e4 d6 4. d4 Bg7 5. Bd3 O-O 6. Nge2 Nbd7 7. O-O c5 8. d5 Ne5 {E70: King's Indian: Miscellaneous lines with 4 e4, including 5 Nge2 and 5 Bd3 0-0 6 Nge2} 9. Bg5 h6 {LiveBook: 3 Games} 10. Bh4 e6 $146 (10... a6 $11) ({Predecessor:} 10... Nfg4 11. b3 {½-½ (11) Dreev,A (2662)-Kryakvin,D (2571) St Petersburg 2009}) 11. f4 $16 Neg4 12. Qc1 {Strongly threatening h3.} g5 13. fxg5 Nh7 14. e5 Nxg5 15. exd6 $1 exd5 (15... f5 $16) 16. Nxd5 $18 Qxd6 {[%csl Gg4][%cal Rd6h2]} 17. Nef4 (17. Bg3 $18 Be5 18. Bxe5 Qxe5 19. Qf4) 17... Qe5 $2 (17... Be6 $1 $11) 18. h3 (18. Kh1 $18) 18... Qd4+ (18... Nf6 $16 {was called for.}) 19. Kh1 Ne5 20. Be2 Nc6 21. Nh5 Qxh4 $2 (21... f6 22. Nxg7 Kxg7) 22. Rf4 Qxf4 23. Qxf4 Bxb2 (23... Be5 $142) 24. Rb1 Be5 25. Ne7+ Kh7 26. Qe3 Bd4 27. Qd3+ Kh8 28. Nxc8 Raxc8 29. h4 (29. Rxb7 Rce8) 29... Nh7 30. Bd1 {[%mdl 1024] White has strong compensation.} Ne5 (30... b6 $142 31. Qf5 Ne7) 31. Qf5 $1 Ng6 32. Bc2 b6 33. Nf4 Rc6 34. Nd5 Re6 35. Rf1 (35. Rd1 $142 $1) 35... Re5 $2 {[%mdl 8192]} (35... Nf6 $16) 36. Qd3 (36. Qd7 $142) 36... h5 (36... b5 $142 37. g3 f5) 37. Nf4 Re3 (37... Re7 $142 38. Nxh5 Rfe8) 38. Qd1 $1 {[%cal Rd1h5]} Nxf4 39. Rxf4 Re5 40. Rf1 Kg7 41. Qf3 $1 $40 {[%mdl 128] White has strong attack.} Kh8 42. Qf4 Kg7 43. Qg3+ Kh8 44. Qf4 {Qh6 is the strong threat.} Kg7 $1 45. Be4 f5 46. Bf3 Kg6 (46... Rf6 $16 {is a better defense.} 47. a4 (47. Bxh5 Re4 $16) 47... Rh6) 47. Qg3+ Kh6 {intending ...f4.} 48. Bxh5 $1 {[%csl Gh5][%cal Rg3g6]} Rf6 $2 (48... Kxh5 49. Qg7 Re6 50. Qxh7+ Kg4) 49. Bd1 (49. Qg8 $142) 49... Re4 50. Bf3 (50. Bc2 $1 $18 {and the rest is easy.} Rg6 51. Qh3) 50... Be5 (50... Rg6 $16 {was necessary.} 51. Qh3 Re5) 51. Qf2 Bd4 52. Qd2+ Be3 {[%cal Re4h4]} 53. Qe1 Re5 54. Qd1 Bd4 55. Qd2+ Kg7 56. Qf4 Rh6 57. Rd1 Rhe6 {aiming for ...Re1+.} 58. g3 $4 {[%mdl 8192]} (58. Kh2 $1 $18) 58... Nf8 $4 {[%mdl 8192]} (58... Be3 $1 $19 {[%cal Re3f4]} 59. Rd7+ Kg8 60. Qxe5 (60. Rd8+ $2 Nf8 $19) 60... Rxe5 61. Rxa7 Bd4) 59. h5 Nh7 60. Kg2 a6 61. a4 a5 62. Qh4 Kh6 63. Qd8 $1 Re3 64. Rb1 $2 (64. Qg8 $18) 64... Ra3 (64... Rxf3 $1 $11 {keeps the balance.} 65. Kxf3 Ng5+ 66. Kg2 Re2+ 67. Kh1 Nf3 68. Qf8+ (68. Rxb6+ Kxh5 69. g4+ Kxg4 $19) 68... Kg5 69. Qg8+ Kxh5 70. Qh7+ Kg5) 65. Rxb6 $2 (65. Bd5 $16 Rf6 66. Qe8) 65... Ra2+ $11 66. Kh1 Ra1+ 67. Kh2 Ra2+ 68. Kh1 Ra1+ 69. Kh2 Ra2+ 70. Bg2 Rxb6 71. Qxb6+ Nf6 (71... Kxh5 $11 72. Qe6 (72. Qxa5 Ng5 $11) 72... Rf2) 72. Kh3 $16 Kxh5 73. Qe6 $1 {[%cal Re6f5]} ({Much worse is} 73. Qxa5 $6 Ng4 $11) 73... Kg5 {[#]} (73... Rf2 $16 {might work better.}) 74. Qe7 $1 $18 {[%cal Re7g7] Black must now prevent Qg7+.} Kg6 {[#]} 75. Bc6 $1 Bg1 $2 (75... Rb2 76. Be8+ Nxe8 77. Qxe8+ Kg5) 76. Be8+ $1 {White is clearly winning.} Nxe8 77. Qxe8+ Kg5 {[%csl Gg1][%cal Ra2h2]} 78. Qe7+ Kh5 (78... Kg6 $142 79. Qd6+ Kf7) 79. Qh7+ Kg5 80. Qg7+ Kh5 81. g4+ {Precision: White = 51%, Black = 31%.} 1-0

[Event "CZE-ch Open 2018"]
[Site "Ostrava"]
[Date "2018.05.04"]
[Round "7"]
[White "Vykouk, Jan"]
[Black "Voloshin, Leonid"]
[Result "1/2-1/2"]
[WhiteElo "2426"]
[BlackElo "2370"]
[Annotator "TA"]
[PlyCount "30"]
[EventDate "2018.??.??"]
[EventCountry "CZE"]
[SourceTitle "playchess.com"]
[Source "ChessBase"]
[SourceQuality "1"]

{[%evp 16,30,15,-12,-6,-24,-22,-22,-6,-15,-16,-16,-11,-30,-26,-31,-25]} 1. e4 e5 2. Nf3 Nf6 3. Nc3 Nc6 4. Bb5 Nd4 5. Bc4 Bc5 6. O-O {C48: Four Knights: 4 Bb5, replies other than 4...Bb4} (6. d3 d6 7. Na4 b5 8. Nxd4 bxc4 9. Nf5 Bxf5 10. exf5 cxd3 11. Nxc5 dxc5 12. cxd3 Qd7 13. Qf3 O-O 14. O-O Rfd8 {½-½ (28) Wei,Y (2743)-Caruana,F (2811) Wijk aan Zee 2018}) 6... d6 7. Nxd4 Bxd4 8. d3 Be6 9. Bb3 {LiveBook: 4 Games} a5 $146 ({Predecessor:} 9... O-O 10. Ne2 Bb6 11. Ng3 c6 12. h3 Nd7 13. c3 d5 14. Qe2 Re8 15. Be3 Bxe3 16. Qxe3 {½-½ (45) Moldovan,D (2411)-Degraeve,J (2569) Cannes 2005}) 10. Be3 Bxe3 11. fxe3 Qe7 12. Qe2 c6 13. Bxe6 fxe6 14. Rf3 O-O 15. Raf1 Nd7 1/2-1/2

[Event "CZE-ch Open 2018"]
[Site "Ostrava"]
[Date "2018.05.04"]
[Round "7"]
[White "Svoboda, Svatopluk"]
[Black "Zwardon, Vojtech"]
[Result "1-0"]
[WhiteElo "2401"]
[BlackElo "2409"]
[Annotator "ChessBase"]
[PlyCount "91"]
[EventDate "2018.??.??"]
[EventCountry "CZE"]
[SourceTitle "playchess.com"]
[Source "ChessBase"]
[SourceQuality "1"]
[TimeControl "40/5400+30:900+30"]

1. e4 {[%emt 0:00:56]} c5 {[%emt 0:00:01]} 2. Nf3 {[%emt 0:00:20]} Nc6 {[%emt 0:00:01]} 3. d4 {[%emt 0:00:06]} cxd4 {[%emt 0:00:03]} 4. Nxd4 {[%emt 0:00:05]} g6 {[%emt 0:00:02]} 5. c4 {[%emt 0:00:04]} Nf6 {[%emt 0:00:05]} 6. Nc3 {[%emt 0:00:08]} Nxd4 {[%emt 0:00:06]} 7. Qxd4 {[%emt 0:00:06]} d6 {[%emt 0:00:02]} 8. f3 {[%emt 0:00:54]} Bg7 {[%emt 0:00:06]} 9. Be3 {[%emt 0:00:19]} Be6 {[%emt 0:02:06]} 10. Rc1 {[%emt 0:00:59]} Qa5 {[%emt 0:03:23]} 11. Be2 {[%emt 0:01:50]} O-O {[%emt 0:01:37]} 12. Qd2 {[%emt 0:00:10]} Rfc8 {[%emt 0:00:23]} 13. b3 {[%emt 0:00:08]} a6 {[%emt 0:00:07]} 14. Na4 {[%emt 0:00:08]} Qxd2+ {[%emt 0:00:09]} 15. Kxd2 {[%emt 0:00:10]} Nd7 {[%emt 0:00:05]} 16. g4 {[%emt 0:00:07]} f5 {[%emt 0:00:23]} 17. gxf5 {[%emt 0:00:12]} gxf5 {[%emt 0:00:03]} 18. Rhg1 {[%emt 0:00:05]} Kh8 {[%emt 0:01:02]} 19. Bd3 {[%emt 0:00:06]} Rf8 {[%emt 0:05:12]} 20. Rxg7 {[%emt 0:00:07]} Kxg7 {[%emt 0:00:23]} 21. Rg1+ {[%emt 0:00:02]} Kf6 {[%emt 0:36:19]} 22. Bd4+ {[%emt 0:02:16]} Ne5 {[%emt 0:01:06]} 23. f4 {[%emt 0:00:21]} Rg8 {[%emt 0:08:05]} 24. Rg3 {[%emt 0:01:47]} Rad8 {[%emt 0:04:33]} 25. Ke2 {[%emt 0:02:38]} fxe4 {[%emt 0:06:50]} 26. Bxe4 {[%emt 0:00:25]} Rxg3 {[%emt 0:00:31]} 27. hxg3 {[%emt 0:00:18]} b5 {[%emt 0:00:07]} 28. Nb6 {[%emt 0:05:50]} bxc4 {[%emt 0:02:58]} 29. bxc4 {[%emt 0:00:59]} Bf5 {[%emt 0:05:39]} 30. Bb7 {[%emt 0:03:35]} Bd3+ {[%emt 0:02:57]} 31. Kf2 {[%emt 0:03:32]} Ke6 {[%emt 0:03:17]} 32. fxe5 {[%emt 0:00:58]} dxe5 {[%emt 0:00:14]} 33. Be3 {[%emt 0:00:14]} Rf8+ {[%emt 0:00:53]} 34. Ke1 {[%emt 0:00:16]} Rf1+ {[%emt 0:06:20]} 35. Kd2 {[%emt 0:00:05]} e4 {[%emt 0:00:01]} 36. c5 {[%emt 0:00:22]} Rb1 {[%emt 0:03:16]} 37. Bd4 {[%emt 0:02:04]} Rh1 {[%emt 0:00:40]} 38. g4 {[%emt 0:02:12]} Rh2+ {[%emt 0:00:29]} 39. Ke3 {[%emt 0:02:14]} Re2+ {[%emt 0:01:36]} 40. Kf4 {[%emt 0:01:00]} Kf7 {[%emt 0:15:11]} 41. c6 {[%emt 0:17:35]} Rc2 {[%emt 0:00:47]} 42. Be5 {[%emt 0:01:35]} Rf2+ {[%emt 0:00:45]} 43. Ke3 {[%emt 0:00:33]} Rf3+ {[%emt 0:04:49]} 44. Kd4 {[%emt 0:01:06]} Be2 {[%emt 0:00:07]} 45. c7 {[%emt 0:00:47]} Rd3+ {[%emt 0:00:02]} 46. Kxe4 {[%emt 0:00:19]} 1-0

[Event "CZE-ch Open 2018"]
[Site "Ostrava"]
[Date "2018.05.04"]
[Round "7"]
[White "Cerveny, Martin"]
[Black "Belunek, Vladimir"]
[Result "1/2-1/2"]
[WhiteElo "2379"]
[BlackElo "2216"]
[Annotator "TA"]
[PlyCount "105"]
[EventDate "2018.??.??"]
[EventCountry "CZE"]
[SourceTitle "playchess.com"]
[Source "ChessBase"]
[SourceQuality "1"]

{[%evp 12,105,24,5,36,26,34,35,37,33,29,33,27,24,24,23,30,26,43,40,41,37,45,39,50,53,43,32,31,25,25,11,31,0,0,0,0,2,0,0,32,25,25,33,34,36,34,0,0,0,25,0,18,0,18,0,0,0,20,0,17,14,20,13,18,16,25,17,37,0,0,0,3,0,0,0,0,0,0,0,0,0,0,0,12,-262,-282,-361,-335,-533,0,0,0,-214,0,0]} 1. d4 Nf6 2. Nf3 g6 3. b4 Bg7 4. Bb2 O-O 5. e3 d5 6. c4 c6 7. Nbd2 Na6 {A48: 1 d4 Nf6 2 Nf3 g6: Torre, London and Colle Systems} (7... a5 8. b5 cxb5 9. cxb5 Bg4 10. Bd3 Nbd7 11. O-O Qb6 12. h3 {½-½ (12) Vallejo Pons,F (2677)-Wen,Y (2609) Moscow 2016}) 8. b5 cxb5 $146 ({Predecessor:} 8... Nc7 9. bxc6 bxc6 10. c5 Bg4 11. Qa4 Bxf3 12. Nxf3 Rb8 13. Bc3 Ne4 14. Ba5 Qd7 15. Qc2 {1-0 (41) Fernandez Aguado,E (2360)-Basas Gamazo,J Barcelona 1993}) 9. cxb5 Nc7 {[%cal Ba6c7,Bc7e8,Be8d6][%mdl 32] White is slightly better.} 10. Be2 Nce8 11. O-O Nd6 12. Qb3 Bg4 13. h3 Bxf3 14. Nxf3 Rc8 15. Rfc1 Qb6 16. a4 {[%cal Ba2a4,Ba4a5][%mdl 32]} Rxc1+ 17. Rxc1 Rc8 18. Rxc8+ Nxc8 19. Qc3 Qd8 20. a5 Ne4 21. Qc2 e6 22. Ba3 Bf8 23. Bxf8 Kxf8 24. a6 bxa6 25. bxa6 Ned6 26. Ne5 Kg7 27. g4 h6 28. Bd3 {[%cal Rd3g6]} g5 29. Bg6 {Strongly threatening Bxf7!} Ne7 {[%cal Re7g6]} 30. Bd3 Qc8 31. Qb1 Qc7 32. Bf1 Nec8 33. Nd3 Qb6 34. Qa1 Kg8 35. Nc5 Qc6 36. Bd3 Qc7 37. Qd1 Ne8 38. Kg2 Nf6 39. h4 {And now hxg5 would win.} Nd6 40. hxg5 hxg5 41. Qf3 Nde8 42. Qh3 {aiming for Qh6.} Kg7 43. f4 gxf4 44. g5 Ne4 $1 45. Qh6+ Kg8 46. Bxe4 dxe4 47. g6 f3+ 48. Kf1 $2 {[%mdl 8192]} (48. Kh3 $1 $11 fxg6 49. Qxg6+ Ng7 50. Nxe4) 48... f5 $19 49. Qh4 {[#]} Qg7 $1 50. Qg3 (50. Nxe6 {keeps fighting.} Qxg6 51. Nf4 Qxa6+ 52. Kf2) 50... Qc7 $2 ({Black should play} 50... Qh6 $19 51. Kf2 Qh1) 51. Qh4 $1 $11 Qg7 52. Qg5 $2 {[#]} (52. Qg3 $1 $11 {and White is okay.}) 52... Qc7 $2 ({Better is} 52... Qh8 $1 $19 {[%cal Rh8h2] ( -> ...Qh2)} 53. Kg1 Qh3 54. Nxe6 Qg4+ 55. Kh2 (55. Qxg4 $2 fxg4 56. Nc5 Nd6 $19) 55... Qxg5 56. Nxg5 Kg7 57. Ne6+ Kxg6 58. Nf4+ Kf6 59. Nd5+ Ke6 60. Nf4+ Kf7) 53. Qh4 $1 {Precision: White = 47%, Black = 52%.} 1/2-1/2

[Event "CZE-ch Open 2018"]
[Site "Ostrava"]
[Date "2018.05.04"]
[Round "7"]
[White "Konopka, Michal"]
[Black "Velicka, Petr"]
[Result "0-1"]
[WhiteElo "2373"]
[BlackElo "2412"]
[Annotator "TA"]
[PlyCount "36"]
[EventDate "2018.??.??"]
[EventCountry "CZE"]
[SourceTitle "playchess.com"]
[Source "ChessBase"]
[SourceQuality "1"]

{[%evp 19,36,45,57,33,41,35,51,28,40,35,31,34,58,-109,-107,-395,-383,-883,-876]} 1. Nf3 c5 2. c4 b6 3. g3 Bb7 4. Bg2 Nc6 (4... g6 5. O-O Bg7 6. d4 Nc6 7. d5 Na5 8. Qc2 d6 9. e4 a6 10. Nbd2 b5 11. Rb1 Nf6 12. b3 O-O {1-0 (49) Banusz,T (2629)-Bauer,C (2647) Budapest 2017}) 5. O-O g6 6. d4 {A30: Symmetrical English: Double Fianchetto and Hedgehog} Nxd4 7. Nxd4 Bxg2 8. Kxg2 cxd4 9. Qxd4 Nf6 10. Nc3 Bg7 {LiveBook: 12 Games} 11. Be3 (11. b3 O-O 12. Bb2 d6 13. Rfd1 Ne8 14. Qd2 Nc7 15. h4 h5 16. Nd5 Nxd5 17. Bxg7 Kxg7 18. Qxd5 Rc8 19. Rd3 Qd7 20. Qd4+ Kg8 {½-½ (29) Konopka,M (2416)-Velicka,P (2412) Czech Republic 2015}) 11... O-O 12. Rac1 Qc7 $146 ({Predecessor:} 12... d6 13. b3 Qd7 {1-0 (44) Konopka,M (2396)-Brito,L (2242) Marianske Lazne 2016}) 13. b3 Rfd8 14. Rfd1 Qb7+ 15. Kg1 d5 16. cxd5 $2 (16. Nxd5 $14 {stays ahead.} Nxd5 17. Qe4) 16... Nxd5 $17 17. Qe4 $2 {[%mdl 8192]} (17. Qxd5 $17 Rxd5 18. Nxd5) 17... Bxc3 $19 18. Rxc3 $2 {[#]} (18. h4 f5 19. Qe6+ Kg7 20. Bd4+ Bxd4 21. Rxd4) 18... Nf4 $1 {[%mdl 512]} 0-1